书目信息 |
| 题名: |
建立课堂纪律
|
|
| 作者: | 查尔斯 著 ;李庆 , 孙麒 译 | |
| 分册: | ||
| 出版信息: | 北京 中国轻工业出版社 2003 |
|
| 页数: | 12,264页 | |
| 开本: | 24cm | |
| 丛书名: | 基础教育改革与发展译丛 | |
| 单 册: | ||
| 中图分类: | G621.5 | |
| 科图分类: | ||
| 主题词: | 课堂纪律--研究--小学 , 课堂纪律 | |
| 电子资源: | ||
| ISBN: | 7-5019-3884-9 | |
| 000 | 01196oam2 2200313 450 | |
| 001 | 1571921696 | |
| 005 | 20150129195905.56 | |
| 010 | @a7-5019-3884-9@dCNY32.00 | |
| 100 | @a20030423d2003 kemy0chiy0110 ea | |
| 101 | 1 | @achi@ceng |
| 102 | @aCN@b110000 | |
| 105 | @aa z 000yy | |
| 200 | 1 | @a建立课堂纪律@9jian li ke tang ji lv@f(美)C.M.Charles著@g李庆,孙麒译 |
| 210 | @a北京@c中国轻工业出版社@d2003 | |
| 215 | @a12,264页@c照片@d24cm | |
| 225 | 2 | @a基础教育改革与发展译丛@i教育教学管理系列 |
| 305 | @a译自美国培生教育有限公司出版的Building Classroom Discipline(C.M.Charles著,第七版) 美国培生教育有限公司授权出版 | |
| 330 | @a全书讲述了17种纪律模式,从历史的角度进行了总结和回顾,使读者了解当今各种纪律方法的发展,并详细阐述了其中的应用模式。 | |
| 461 | 0 | @12001 @a基础教育改革与发展译丛 |
| 462 | 0 | @12001 @a教育教学管理系列 |
| 510 | 1 | @aBuilding Classroom Discipline@e7th Edition@zeng |
| 606 | 0 | @a课堂纪律@x研究@x小学 |
| 606 | 0 | @a课堂纪律 |
| 690 | @aG621.5@v5 | |
| 701 | 0 | @c(美)@a查尔斯@9cha er si@c(教授,Charles, C.M.)@4著 |
| 702 | 0 | @a李庆@9li qing@c(英语)@4译 |
| 702 | 0 | @a孙麒@9sun qi@c(英语)@4译 |
| 801 | 0 | @aCN@bTSSF@c20150129 |
| 905 | @aZUCC@dG621.5@eJY1 | |
| 建立课堂纪律/(美)C.M.Charles著/李庆,孙麒译.-北京:中国轻工业出版社,2003 |
| 12,264页:照片;24cm.-(基础教育改革与发展译丛.教育教学管理系列) |
| ISBN 7-5019-3884-9:CNY32.00 |
| 全书讲述了17种纪律模式,从历史的角度进行了总结和回顾,使读者了解当今各种纪律方法的发展,并详细阐述了其中的应用模式。 |
| ● |
| 相关链接 |
|
|
|
|
正题名:建立课堂纪律
索取号:G621.5/JY1
 
预约/预借
| 序号 | 登录号 | 条形码 | 馆藏地/架位号 | 状态 | 备注 |
| 1 | 7847076 | 278470762 | 学院路分馆/ [索取号:G621.5/JY1] | 在馆 |